[Event "17th Tilburg Interpolis it"]
[Site "Tilburg NED"]
[Date "1993.??.??"]
[Round "2.2"]
[White "Sirovs, Aleksejs"]
[Black "De Firmian, Nick"]
[Result "1/2-1/2"]
[WhiteElo "2685"]
[BlackElo "2545"]
[EventDate "1993.11.13"]
[PlyCount "142"]

1. d4 Nf6 2. c4 e6 3. Nc3 Bb4 4. e3 b6 5. Nge2 Ne4 6. Bd2 Nxd2 7. Qxd2 O-O 8.
a3 Be7 9. d5 e5 10. Ng3 d6 11. Bd3 f5 12. O-O g6 13. f4 Nd7 14. Nce2 h5 15. e4
h4 16. Nh1 Nc5 17. Nf2 Nb3 18. Qc2 Nxa1 19. Rxa1 Kg7 20. Rf1 fxe4 21. Bxe4 Bf5
22. Qc3 Kh7 23. Bxf5 Rxf5 24. g4 hxg3 25. hxg3 Qh8 26. Kg2 Kg8 27. fxe5 dxe5
28. g4 Rf7 29. Qd3 Qf6 30. Ng3 Raf8 31. Nfe4 Qh4 32. Rxf7 Rxf7 33. d6 cxd6 34.
Nxd6 e4 35. Qxe4 Bxd6 36. Qxg6+ Kh8 37. Qxd6 Qxg4 38. Qe5+ Kg8 39. Qe8+ Kg7 40.
Qe5+ Kg6 41. Qd5 Kg7 42. Qe5+ Kh7 43. Qe4+ Qxe4+ 44. Nxe4 Rf4 45. Nd6 Kg6 46.
Kg3 Kg5 47. b4 Rd4 48. Nb5 Rd7 49. c5 bxc5 50. bxc5 Rd3+ 51. Kf2 a6 52. Ke2 Rh3
53. Nc7 Rxa3 54. Kd2 Kf5 55. Kc2 Ke5 56. Kb2 Ra5 57. Kb3 Kd4 58. Kb4 Ra1 59. c6
Rb1+ 60. Ka5 Kc5 61. Nxa6+ Kxc6 62. Nb4+ Kc5 63. Na6+ Kc4 64. Nc7 Rb7 65. Na6
Rb5+ 66. Ka4 Re5 67. Nc7 Rc5 68. Na6 Rb5 69. Nc7 Rb7 70. Na6 Ra7 71. Ka5 Rxa6+
1/2-1/2

[Event "17th Tilburg Interpolis it"]
[Site "Tilburg NED"]
[Date "1993.??.??"]
[Round "2.1"]
[White "Epishin, Vladimir"]
[Black "Polugaevsky, Lev"]
[Result "1-0"]
[WhiteElo "2655"]
[BlackElo "2605"]
[EventDate "1993.11.13"]
[PlyCount "71"]

1. d4 Nf6 2. c4 e6 3. Nf3 b6 4. g3 Ba6 5. b3 Bb4+ 6. Bd2 Be7 7. Bg2 c6 8. Bc3
d5 9. Ne5 Bb7 10. Nd2 Nbd7 11. Nxd7 Qxd7 12. O-O O-O 13. e4 Rfd8 14. Re1 dxe4
15. Nxe4 c5 16. d5 Nxe4 17. Bxe4 exd5 18. cxd5 Qd6 19. Qc2 Bf6 20. Bxf6 Qxf6
21. Rad1 Rab8 22. d6 g6 23. d7 Bc6 24. Bxc6 Qxc6 25. Re7 Kf8 26. Qe2 Qf6 27.
Re5 Qc6 28. Red5 Kg8 29. Rd6 Qc7 30. h4 b5 31. h5 Rb6 32. Qe8+ Kg7 33. Qe5+ Kf8
34. Qh8+ Ke7 35. Qf6+ Kf8 36. Re1 1-0

[Event "17th Tilburg Interpolis it"]
[Site "Tilburg NED"]
[Date "1993.??.??"]
[Round "2.1"]
[White "Hansen, Curt"]
[Black "Lutz, Christopher"]
[Result "0-1"]
[WhiteElo "2590"]
[BlackElo "2605"]
[EventDate "1993.11.13"]
[PlyCount "90"]

1. d4 Nf6 2. Nf3 g6 3. g3 Bg7 4. Bg2 O-O 5. O-O d5 6. Nbd2 b6 7. c4 e6 8. b3
Bb7 9. Bb2 c5 10. dxc5 bxc5 11. e3 Qe7 12. Rc1 Rd8 13. Qc2 Na6 14. a3 Rac8 15.
Rfd1 Nb8 16. Bc3 Nbd7 17. h3 Nb6 18. Qb2 h6 19. Qa1 Kh7 20. Rb1 Ba8 21. Rbc1
Bb7 22. Rb1 dxc4 23. bxc4 Bc6 24. Ne1 Ba4 25. Rdc1 e5 26. Nef3 Ne8 27. Re1 Bc6
28. Re2 f6 29. Qa2 e4 30. Ne1 Na4 31. Ba5 f5 32. Rb3 Rd7 33. Bf1 Nd6 34. Qc2
Nb7 35. Rb5 Bxb5 36. cxb5 Nb6 37. Bxb6 axb6 38. Nc4 Qd8 39. Ng2 Nd6 40. Rd2
Nxc4 41. Rxd7 Qxd7 42. Qxc4 g5 43. Be2 Rd8 44. h4 Qd5 45. Qa4 Ra8 0-1

[Event "17th Tilburg Interpolis it"]
[Site "Tilburg NED"]
[Date "1993.??.??"]
[Round "2.2"]
[White "Lutz, Christopher"]
[Black "Hansen, Curt"]
[Result "0-1"]
[WhiteElo "2605"]
[BlackElo "2590"]
[EventDate "1993.11.13"]
[PlyCount "62"]

1. d4 d5 2. c4 dxc4 3. Nf3 a6 4. e3 Bg4 5. Bxc4 e6 6. Nc3 Nf6 7. h3 Bh5 8. g4
Bg6 9. Ne5 c5 10. d5 b5 11. Be2 Nxd5 12. Nxg6 hxg6 13. Nxd5 exd5 14. Bf3 Ra7
15. Bxd5 c4 16. e4 Nd7 17. Be3 Bc5 18. Bxf7+ Kxf7 19. Qd5+ Ke8 20. Bxc5 Nxc5
21. Qxc5 Rd7 22. Qc6 Kf7 23. e5 Rd3 24. e6+ Kg8 25. Qe4 Qf6 26. Rd1 Rxd1+ 27.
Kxd1 Qxb2 28. e7 Kh7 29. Re1 Re8 30. h4 Rxe7 31. Qxe7 c3 0-1

[Event "17th Tilburg Interpolis it"]
[Site "Tilburg NED"]
[Date "1993.??.??"]
[Round "2.3"]
[White "Hansen, Curt"]
[Black "Lutz, Christopher"]
[Result "1/2-1/2"]
[WhiteElo "2590"]
[BlackElo "2605"]
[EventDate "1993.11.13"]
[PlyCount "78"]

1. c4 e5 2. Nc3 Nf6 3. Nf3 Nc6 4. e3 Be7 5. a3 O-O 6. b4 d5 7. cxd5 Nxd5 8. Qc2
Nxc3 9. dxc3 Bf6 10. Bd3 h6 11. O-O Be6 12. Rd1 Qe7 13. Bh7+ Kh8 14. Be4 Rad8
15. Bb2 Bc4 16. Nd2 Bd5 17. c4 Bxe4 18. Nxe4 Rxd1+ 19. Rxd1 Rd8 20. Rd5 Nb8 21.
Qd3 Rxd5 22. cxd5 Nd7 23. h3 Nb6 24. Qb3 Qd8 25. d6 cxd6 26. Qxf7 Qe7 27. Qb3
d5 28. Nxf6 Qxf6 29. f4 Nc4 30. fxe5 Qf5 31. Bd4 a6 32. b5 Kh7 33. bxa6 bxa6
34. Qb7 Nd2 35. Qxd5 Qf1+ 36. Kh2 Qf2 37. e6 Nf1+ 38. Kh1 Ng3+ 39. Kh2 Nf1+
1/2-1/2

[Event "17th Tilburg Interpolis it"]
[Site "Tilburg NED"]
[Date "1993.??.??"]
[Round "2.4"]
[White "Lutz, Christopher"]
[Black "Hansen, Curt"]
[Result "1-0"]
[WhiteElo "2605"]
[BlackElo "2590"]
[EventDate "1993.11.13"]
[PlyCount "69"]

1. d4 e6 2. c4 Nf6 3. Nf3 d5 4. Bg5 dxc4 5. e4 b5 6. a4 c6 7. Nc3 Qb6 8. Bxf6
gxf6 9. Be2 Nd7 10. O-O Bb7 11. a5 Qc7 12. a6 Bc8 13. d5 Bc5 14. b3 b4 15. Na4
c3 16. Nxc5 Nxc5 17. Qd4 Nxb3 18. Qxf6 Rg8 19. Rab1 Nd2 20. Nxd2 cxd2 21. Rxb4
cxd5 22. Bb5+ Kf8 23. exd5 exd5 24. Rd4 Rb8 25. Qh6+ Rg7 26. Rxd5 Bg4 27. Rg5
f6 28. Qxf6+ Kg8 29. Bc4+ Kh8 30. Rxg4 Re8 31. Rxg7 Qxg7 32. Qxg7+ Kxg7 33. Bb3
Re1 34. f3 Kf6 35. Kf2 1-0

[Event "17th Tilburg Interpolis it"]
[Site "Tilburg NED"]
[Date "1993.??.??"]
[Round "2.1"]
[White "Hertneck, Gerald"]
[Black "Piket, Jeroen"]
[Result "0-1"]
[WhiteElo "2565"]
[BlackElo "2590"]
[EventDate "1993.11.13"]
[PlyCount "48"]

1. d4 d6 2. e4 Nf6 3. Nc3 g6 4. Nf3 Bg7 5. Be2 O-O 6. O-O c6 7. a4 Qc7 8. a5
Rd8 9. Be3 d5 10. exd5 Nxd5 11. Nxd5 cxd5 12. Qd2 Bf5 13. Rfc1 Nc6 14. Bf4 Qd7
15. b4 a6 16. b5 axb5 17. Bxb5 Qc8 18. Ra4 Be4 19. Ng5 h6 20. Nxe4 dxe4 21. d5
Qf5 22. a6 Rxd5 23. axb7 Rad8 24. Bxc6 Qxf4 0-1

[Event "17th Tilburg Interpolis it"]
[Site "Tilburg NED"]
[Date "1993.??.??"]
[Round "2.2"]
[White "Piket, Jeroen"]
[Black "Hertneck, Gerald"]
[Result "0-1"]
[WhiteElo "2590"]
[BlackElo "2565"]
[EventDate "1993.11.13"]
[PlyCount "70"]

1. d4 d5 2. c4 c6 3. Nc3 Nf6 4. e3 a6 5. Bd2 e6 6. Nf3 Nbd7 7. Qc2 Be7 8. Be2
dxc4 9. a4 c5 10. Bxc4 O-O 11. O-O b6 12. dxc5 Bxc5 13. Ne4 Be7 14. Rfd1 Bb7
15. Nxf6+ Nxf6 16. Rac1 Qb8 17. Qb3 Ng4 18. Qxb6 Bd6 19. h3 Bh2+ 20. Kf1 Nxf2
21. Bd5 Nxd1 22. Bxb7 Ra7 23. Rxd1 Rxb7 24. Qxa6 Rxb2 25. Bc3 Rb1 26. Qd3 Rxd1+
27. Qxd1 Bg3 28. Qd4 Qb1+ 29. Ke2 f6 30. Qc4 Qh1 31. Qxe6+ Kh8 32. Qe7 Qxg2+
33. Kd3 Qf1+ 34. Kd2 Rc8 35. Qd7 Qc4 0-1

[Event "17th Tilburg Interpolis it"]
[Site "Tilburg NED"]
[Date "1993.??.??"]
[Round "2.3"]
[White "Hertneck, Gerald"]
[Black "Piket, Jeroen"]
[Result "1/2-1/2"]
[WhiteElo "2565"]
[BlackElo "2590"]
[EventDate "1993.11.13"]
[PlyCount "115"]

1. d4 Nf6 2. c4 g6 3. Nc3 Bg7 4. e4 d6 5. Nf3 O-O 6. Be2 e5 7. O-O Nc6 8. d5
Ne7 9. Nd2 a5 10. a3 Nd7 11. Rb1 f5 12. b4 Kh8 13. f3 Ng8 14. Qc2 Rf7 15. Bb2
Qf8 16. Nb5 Ndf6 17. c5 axb4 18. axb4 Bd7 19. c6 bxc6 20. dxc6 Be6 21. Ra1 Bh6
22. Nc4 Rxa1 23. Rxa1 fxe4 24. fxe4 Qb8 25. Nxe5 dxe5 26. Bxe5 Bg7 27. Ra7 Ne8
28. Qc5 Ngf6 29. Bf3 h6 30. Rb7 Qc8 31. Qa7 Qd8 32. Qd4 Qc8 33. Na7 Qa8 34. b5
Kh7 35. b6 Bc8 36. bxc7 Nxc7 37. Nxc8 Qxc8 38. Qc4 Re7 39. Bd6 Qd8 40. e5 Nfe8
41. Qb4 Rxe5 42. Bxe5 Bxe5 43. g3 Qf6 44. Kg2 h5 45. Qd2 Bd6 46. Rb3 Ng7 47.
Rd3 Nce8 48. Be4 Qe5 49. Qe2 Nf6 50. Bf3 Qc5 51. Qd2 Be5 52. Rd7 Nxd7 53. cxd7
Ne6 54. d8=Q Nxd8 55. Qxd8 Qc2+ 56. Kh3 Qf5+ 57. Kg2 Qc2+ 58. Kh3 1/2-1/2

[Event "17th Tilburg Interpolis it"]
[Site "Tilburg NED"]
[Date "1993.??.??"]
[Round "2.2"]
[White "Malaniuk, Volodymyr"]
[Black "Hjartarson, Johann"]
[Result "0-1"]
[WhiteElo "2635"]
[BlackElo "2605"]
[EventDate "1993.11.13"]
[PlyCount "114"]

1. d4 Nf6 2. Nf3 d6 3. Nc3 g6 4. e4 Bg7 5. Be2 O-O 6. O-O c6 7. a4 a5 8. h3 Qc7
9. Be3 e5 10. dxe5 dxe5 11. Nd2 Na6 12. Nc4 Rd8 13. Qc1 Nd7 14. Rd1 Bf8 15. Bg4
Nac5 16. Bg5 f6 17. Bh6 Be7 18. Qe3 Nf8 19. Rxd8 Qxd8 20. Rd1 Qc7 21. Bxc8 Rxc8
22. Qe2 Nfe6 23. Be3 Rd8 24. Rxd8+ Qxd8 25. Kf1 Nd4 26. Qd2 g5 27. f3 Kf7 28.
b3 Nce6 29. Ne2 b6 30. c3 Nxb3 31. Qxd8 Bxd8 32. Bxb6 Bxb6 33. Nxb6 Nec5 34.
Ke1 Ke6 35. Kd1 Nb7 36. Kc2 N3c5 37. Nc1 f5 38. exf5+ Kxf5 39. Nd3 Nxd3 40.
Kxd3 Kf4 41. Nd7 Kg3 42. Nxe5 Kxg2 43. Nf7 Nc5+ 44. Kd4 Nxa4 45. Nxg5 h5 46. f4
Nb6 47. f5 Nd7 48. Kc4 Kg3 49. Kb3 Kh4 50. Ne4 Kxh3 51. f6 Kg4 52. f7 Kf5 53.
Nf2 Ke6 54. Ka4 Kxf7 55. Kxa5 Ke6 56. Kb4 Kf5 57. c4 h4 0-1

[Event "17th Tilburg Interpolis it"]
[Site "Tilburg NED"]
[Date "1993.??.??"]
[Round "2.3"]
[White "Hjartarson, Johann"]
[Black "Malaniuk, Volodymyr"]
[Result "1-0"]
[WhiteElo "2605"]
[BlackElo "2635"]
[EventDate "1993.11.13"]
[PlyCount "71"]

1. e4 e5 2. Nf3 Nc6 3. d4 exd4 4. Nxd4 Bc5 5. Nb3 Bb4+ 6. Bd2 Bxd2+ 7. Qxd2 Nf6
8. Nc3 d6 9. O-O-O Be6 10. f3 O-O 11. g4 a5 12. h4 Nd7 13. g5 f5 14. Bh3 Nb6
15. Nd4 Nxd4 16. Qxd4 Qd7 17. h5 f4 18. h6 Bxh3 19. Rxh3 Rf7 20. g6 hxg6 21.
Rdh1 c5 22. Qd3 Re8 23. hxg7 Rxg7 24. Nd5 Nxd5 25. Qxd5+ Qe6 26. Rh8+ Kf7 27.
Qxb7+ Kf6 28. Qb6 Rxh8 29. Rxh8 Rd7 30. Qxa5 Qe5 31. Qd2 Rf7 32. a4 g5 33. Rh6+
Ke7 34. Qa5 g4 35. Qc7+ Ke8 36. Rh8+ 1-0

[Event "17th Tilburg Interpolis it"]
[Site "Tilburg NED"]
[Date "1993.??.??"]
[Round "2.4"]
[White "Malaniuk, Volodymyr"]
[Black "Hjartarson, Johann"]
[Result "1-0"]
[WhiteElo "2635"]
[BlackElo "2605"]
[EventDate "1993.11.13"]
[PlyCount "77"]

1. d4 Nf6 2. Nf3 e6 3. e3 b6 4. Bd3 Bb7 5. O-O d5 6. b3 Bd6 7. Bb2 O-O 8. c4
Nbd7 9. Nc3 a6 10. Rc1 Qe7 11. Na4 dxc4 12. bxc4 c5 13. Ne5 Rfd8 14. Rb1 Rab8
15. Ba1 cxd4 16. exd4 Bxe5 17. dxe5 Ne4 18. Qe2 Nec5 19. Nxc5 Nxc5 20. Bc2 Bxg2
21. Kxg2 Qg5+ 22. Kh1 Rd2 23. Qf3 Rxc2 24. Rxb6 Rd8 25. Qe3 Qxe3 26. fxe3 Rxc4
27. Rc6 h5 28. Bd4 Rd5 29. Rc7 h4 30. Kg2 f5 31. exf6 gxf6 32. Rxf6 h3+ 33.
Kxh3 Rcxd4 34. exd4 Ne4 35. Rg6+ Kf8 36. Kg2 Rxd4 37. Rxe6 Rd2+ 38. Kf1 Ng5 39.
Rxa6 1-0

[Event "17th Tilburg Interpolis it"]
[Site "Tilburg NED"]
[Date "1993.??.??"]
[Round "2.5"]
[White "Hjartarson, Johann"]
[Black "Malaniuk, Volodymyr"]
[Result "1/2-1/2"]
[WhiteElo "2605"]
[BlackElo "2635"]
[EventDate "1993.11.13"]
[PlyCount "153"]

1. e4 e5 2. Nf3 Nc6 3. d4 exd4 4. Nxd4 Bc5 5. Nb3 Bb4+ 6. Bd2 a5 7. a3 Bxd2+ 8.
Qxd2 a4 9. Nc1 Nf6 10. Nc3 O-O 11. Bd3 Ne5 12. O-O Nxd3 13. Qxd3 d6 14. N1e2
Re8 15. Ng3 Ng4 16. Rad1 Ne5 17. Qd2 Be6 18. Nd5 Bxd5 19. Qxd5 Nc6 20. Rfe1 Ra5
21. Qd2 Qf6 22. c3 h5 23. Re3 h4 24. Nf5 Ne5 25. Qe2 g6 26. Nd4 Nd7 27. Nb5 Qd8
28. h3 Nc5 29. e5 Qg5 30. exd6 Rxe3 31. Qxe3 Qxe3 32. fxe3 cxd6 33. Nxd6 Ra6
34. Rd5 Rc6 35. Nb5 Kg7 36. Nd4 Rc7 37. Rd6 Re7 38. Rd5 b6 39. Nc2 Re6 40. Rd4
g5 41. Kf2 f5 42. Ke2 Kf6 43. Rd8 f4 44. Kf3 fxe3 45. Nxe3 Kg6 46. Nc4 Rf6+ 47.
Ke3 Re6+ 48. Kd2 Rf6 49. Ne5+ Kg7 50. Nf3 g4 51. Nxh4 gxh3 52. gxh3 Rf2+ 53.
Ke3 Rxb2 54. Nf5+ Kf6 55. Nd4 Ra2 56. Nb5 Rh2 57. Rd6+ Ke5 58. Rh6 Nd7 59. Rh5+
Ke6 60. Kd4 Rd2+ 61. Kc4 Rb2 62. Rh6+ Ke7 63. Nd4 Ra2 64. Kb4 Rb2+ 65. Kc4 Ra2
66. Rh7+ Kd6 67. Nb5+ Kc6 68. Nd4+ Kd6 69. h4 Ne5+ 70. Kb4 Rb2+ 71. Kxa4 Nd3
72. Nb3 b5+ 73. Kxb5 Rxb3+ 74. Kc4 Nc1 75. a4 Ra3 76. Rh6+ Kc7 77. Kb4 1/2-1/2

[Event "17th Tilburg Interpolis it"]
[Site "Tilburg NED"]
[Date "1993.??.??"]
[Round "2.6"]
[White "Malaniuk, Volodymyr"]
[Black "Hjartarson, Johann"]
[Result "1-0"]
[WhiteElo "2635"]
[BlackElo "2605"]
[EventDate "1993.11.13"]
[PlyCount "131"]

1. d4 Nf6 2. Nf3 e6 3. c4 b6 4. e3 Bb7 5. Nc3 Bb4 6. Bd3 Ne4 7. O-O Bxc3 8.
bxc3 f5 9. Nd2 Qh4 10. f3 Nxd2 11. Bxd2 O-O 12. Qe2 Nc6 13. e4 fxe4 14. fxe4 d6
15. g3 Qh3 16. Bg5 Rae8 17. Rab1 e5 18. d5 Na5 19. c5 dxc5 20. Bb5 c6 21. Ba4
cxd5 22. Bxe8 Rxe8 23. Qf3 Qe6 24. exd5 Bxd5 25. Qh5 h6 26. Rbd1 Bc6 27. Bc1
Qxa2 28. Rf2 Qe6 29. Rdf1 Nc4 30. Rf7 Kh7 31. Rxg7+ Kxg7 32. Bxh6+ Qxh6 33.
Rf7+ Kg8 34. Qxh6 Kxf7 35. Qxc6 Rd8 36. Qe4 b5 37. Qb7+ Kf6 38. Qxb5 Rd1+ 39.
Kg2 Rd2+ 40. Kh3 Nd6 41. Qxc5 a6 42. Kg4 e4 43. h4 Ke6 44. c4 Rd3 45. Qg5 Nxc4
46. Qf5+ Kd6 47. Qxe4 Ne5+ 48. Kh3 a5 49. h5 Rd1 50. h6 Nf7 51. Kg2 Rd2+ 52.
Kg1 Rd1+ 53. Kf2 Rd2+ 54. Ke3 Rh2 55. h7 a4 56. Qf4+ Ke7 57. Qxa4 Kf8 58. Qa8+
Kg7 59. Qg8+ Kf6 60. g4 Rh3+ 61. Kf2 Rh2+ 62. Kg3 Rh1 63. Kg2 Rh4 64. g5+ Ke7
65. g6 Rg4+ 66. Kf1 1-0

[Event "17th Tilburg Interpolis it"]
[Site "Tilburg NED"]
[Date "1993.??.??"]
[Round "2.1"]
[White "Hodgson, Julian"]
[Black "Jussupow, Artur"]
[Result "1/2-1/2"]
[WhiteElo "2625"]
[BlackElo "2630"]
[EventDate "1993.11.13"]
[PlyCount "134"]

1. c4 e5 2. Nc3 Nc6 3. g3 g6 4. Bg2 Bg7 5. Rb1 a5 6. a3 Nf6 7. b4 axb4 8. axb4
O-O 9. d3 Ne7 10. Qb3 d6 11. Nf3 h6 12. O-O Be6 13. b5 Nd7 14. Nd2 Nc5 15. Qc2
Qd7 16. Nd5 Nxd5 17. cxd5 Bf5 18. Nc4 b6 19. e4 Bh3 20. Be3 Bxg2 21. Kxg2 h5
22. Bxc5 bxc5 23. b6 Rfb8 24. Rb2 Rb7 25. Rfb1 Bf8 26. bxc7 Rxb2 27. Qxb2 Qxc7
28. Qb6 Qd7 29. Qb7 Qd8 30. Rb6 Ra2 31. Ra6 Rxa6 32. Qxa6 h4 33. Qc6 hxg3 34.
hxg3 Be7 35. Qb7 Bf8 36. Kf1 Qg5 37. Qb8 Qe7 38. Qc8 Kg7 39. Qb8 Qd7 40. Kg2
Be7 41. Qa8 Bf8 42. Qc6 Qd8 43. Kf1 Qb8 44. Qb6 Qxb6 45. Nxb6 Kf6 46. Kg2 Ke7
47. f4 exf4 48. gxf4 Bg7 49. Kf3 Bd4 50. Kg4 f6 51. Nc4 Kd7 52. Nd2 Ke7 53. Nf3
Bc3 54. Kg3 Kf7 55. Kf2 Bb2 56. Nh4 Bc1 57. Ng2 Bb2 58. Ke2 Bd4 59. Nh4 Bc3 60.
Nf3 Kg7 61. Nh2 Bb2 62. Kd2 Bd4 63. Ke2 Bb2 64. Kf3 Kf7 65. Nf1 Bc1 66. Kg4 Ke7
67. Ng3 Bb2 1/2-1/2

[Event "17th Tilburg Interpolis it"]
[Site "Tilburg NED"]
[Date "1993.??.??"]
[Round "2.2"]
[White "Jussupow, Artur"]
[Black "Hodgson, Julian"]
[Result "1-0"]
[WhiteElo "2630"]
[BlackElo "2625"]
[EventDate "1993.11.13"]
[PlyCount "62"]

1. d4 d6 2. e4 Nf6 3. Nc3 g6 4. f4 Bg7 5. Nf3 c5 6. Bb5+ Bd7 7. e5 Ng4 8. Bxd7+
Qxd7 9. d5 dxe5 10. h3 e4 11. Nxe4 Nf6 12. Nxf6+ Bxf6 13. O-O c4 14. Ne5 Qb5
15. Be3 O-O 16. b3 c3 17. a4 Qa6 18. Qg4 Rd8 19. Rad1 Qd6 20. Nc4 Qd7 21. f5 b5
22. axb5 Qxb5 23. h4 Nd7 24. h5 Nf8 25. d6 Qb7 26. Bh6 Kh8 27. fxg6 fxg6 28.
Bg5 gxh5 29. Qxh5 Bxg5 30. Qxg5 Ng6 31. Ne5 Rf8 1-0

[Event "17th Tilburg Interpolis it"]
[Site "Tilburg NED"]
[Date "1993.??.??"]
[Round "2.1"]
[White "Karpov, Anatoly"]
[Black "Romanishin, Oleg"]
[Result "1-0"]
[WhiteElo "2760"]
[BlackElo "2615"]
[EventDate "1993.11.13"]
[PlyCount "75"]

1. d4 Nf6 2. c4 e6 3. Nf3 b6 4. g3 Ba6 5. b3 Bb7 6. Bg2 Bb4+ 7. Bd2 a5 8. O-O
O-O 9. Qc2 d6 10. Nc3 Nbd7 11. Rad1 Re8 12. Rfe1 Bxc3 13. Bxc3 Be4 14. Qc1 a4
15. Bh3 axb3 16. axb3 Ra2 17. Rd2 Qa8 18. Rxa2 Qxa2 19. Nd2 b5 20. f3 Bc6 21.
e4 bxc4 22. bxc4 e5 23. Qa1 Ra8 24. Qxa2 Rxa2 25. d5 Bb7 26. Rb1 Ba6 27. c5
dxc5 28. f4 h5 29. fxe5 Ng4 30. Bxg4 hxg4 31. Ra1 Rc2 32. Rxa6 Rxc3 33. Ra8+
Kh7 34. e6 fxe6 35. dxe6 Nf6 36. e7 Rc1+ 37. Kf2 Rc2 38. Ke1 1-0

[Event "17th Tilburg Interpolis it"]
[Site "Tilburg NED"]
[Date "1993.??.??"]
[Round "2.2"]
[White "Romanishin, Oleg"]
[Black "Karpov, Anatoly"]
[Result "1/2-1/2"]
[WhiteElo "2615"]
[BlackElo "2760"]
[EventDate "1993.11.13"]
[PlyCount "163"]

1. d4 Nf6 2. Nf3 e6 3. c4 b6 4. g3 Ba6 5. Nbd2 Bb7 6. Bg2 d5 7. O-O Be7 8. Qa4+
c6 9. Qc2 Na6 10. a3 c5 11. dxc5 Nxc5 12. b4 Ncd7 13. cxd5 Bxd5 14. Bb2 O-O 15.
Rad1 Rc8 16. Qb1 Qc7 17. e4 Bb7 18. Rfe1 Rfd8 19. Nd4 a6 20. e5 Nd5 21. Be4 Nf8
22. Rc1 Qb8 23. Nc4 Rd7 24. b5 Bc5 25. a4 Qa8 26. Nb3 axb5 27. axb5 Qa7 28.
Nxc5 Rxc5 29. Nd6 Rdc7 30. Bd4 Rxc1 31. Rxc1 Ba8 32. Rxc7 Qxc7 33. Qa1 Qb8 34.
h4 Nd7 35. Bg2 h6 36. Qa6 Nc7 37. Qa3 Bxg2 38. Kxg2 h5 39. Qc3 Qa8+ 40. Kh2 Nd5
41. Qf3 Qf8 42. Qxh5 f6 43. Qg4 Qe7 44. Nc8 Qf7 45. Nd6 Qe7 46. Nc8 Qf7 47.
exf6 N7xf6 48. Bxf6 Qxf6 49. Kg2 Qe5 50. Na7 Nc7 51. Qc4 Kh8 52. Qc6 Nd5 53.
Qc8+ Kh7 54. Qc2+ Qf5 55. Qc4 g5 56. hxg5 Qxg5 57. Nc6 Kg7 58. Qd4+ Kf7 59.
Ne5+ Ke7 60. Nc4 Qf6 61. Qd3 Qc3 62. Qh7+ Kd8 63. Qh4+ Kc7 64. Qe4 Qb4 65. Qe5+
Kd7 66. Qe2 Qc3 67. Qe4 Ke7 68. Ne3 Nf6 69. Qh4 Qe5 70. Qb4+ Kf7 71. Qc4 Qe4+
72. Qxe4 Nxe4 73. Nc4 Nc3 74. Na3 e5 75. Kf3 Ke6 76. Ke3 Kd5 77. g4 Nd1+ 78.
Ke2 Nc3+ 79. Kd3 Ne4 80. Ke3 Nd6 81. f3 Kc5 82. f4 1/2-1/2

[Event "17th Tilburg Interpolis it"]
[Site "Tilburg NED"]
[Date "1993.??.??"]
[Round "2.2"]
[White "Yermolinsky, Alex"]
[Black "Lautier, Joel"]
[Result "1/2-1/2"]
[WhiteElo "2605"]
[BlackElo "2620"]
[EventDate "1993.11.13"]
[PlyCount "74"]

1. d4 f5 2. Nc3 d5 3. Bf4 Nf6 4. e3 a6 5. Nf3 e6 6. Be2 Be7 7. O-O O-O 8. Ne5
c5 9. dxc5 Bxc5 10. Na4 Bd6 11. Qd4 b5 12. Nb6 Bxe5 13. Bxe5 Nc6 14. Bxf6 Rxf6
15. Qc5 Rb8 16. Qxc6 Rxb6 17. Qc3 Rf7 18. Qd4 Qd6 19. Rfd1 Rc7 20. c3 a5 21. a3
Bb7 22. f4 h6 23. Rd2 b4 24. c4 Qc5 25. Qxc5 Rxc5 26. cxd5 Bxd5 27. axb4 axb4
28. Kf2 Rbc6 29. Bf3 Rc2 30. Rad1 Bxf3 31. Kxf3 Kf7 32. Ke2 Ke7 33. Rxc2 Rxc2+
34. Rd2 Rc1 35. Rd4 Rc2+ 36. Rd2 Rc4 37. Rd4 Rc2+ 1/2-1/2

[Event "17th Tilburg Interpolis it"]
[Site "Tilburg NED"]
[Date "1993.??.??"]
[Round "2.1"]
[White "Razuvaev, Yuri"]
[Black "Rogers, Ian"]
[Result "1-0"]
[WhiteElo "2560"]
[BlackElo "2595"]
[EventDate "1993.11.13"]
[PlyCount "71"]

1. d4 Nf6 2. Nf3 g6 3. c4 Bg7 4. g3 O-O 5. Bg2 d6 6. O-O c6 7. Nc3 Qa5 8. e4
Qh5 9. e5 dxe5 10. Nxe5 Ng4 11. Nf3 Rd8 12. h3 Nh6 13. Ne2 Qa5 14. Bd2 Qa6 15.
Qc1 Nf5 16. b3 b5 17. c5 Bh8 18. Re1 Be6 19. g4 Ng7 20. Bg5 Re8 21. Nf4 Nd7 22.
Bh6 Nf8 23. Ne5 Rac8 24. Qc3 Bd7 25. Qf3 f6 26. Nxd7 Nxd7 27. Nd5 cxd5 28.
Qxd5+ e6 29. Qxd7 Red8 30. Qb7 Qxb7 31. Bxb7 Rc7 32. Ba6 b4 33. Bf4 Re7 34. Bd6
Red7 35. Rac1 h5 36. Bg3 1-0

[Event "17th Tilburg Interpolis it"]
[Site "Tilburg NED"]
[Date "1993.??.??"]
[Round "2.1"]
[White "Rozentalis, Eduardas"]
[Black "Sokolov, Ivan"]
[Result "1/2-1/2"]
[WhiteElo "2600"]
[BlackElo "2610"]
[EventDate "1993.11.13"]
[PlyCount "150"]

1. e4 e5 2. Nf3 Nc6 3. Bb5 a6 4. Bxc6 dxc6 5. O-O f6 6. d4 exd4 7. Nxd4 c5 8.
Ne2 Qxd1 9. Rxd1 Bd7 10. Be3 O-O-O 11. Nbc3 Re8 12. Rd2 Bc6 13. Rad1 b6 14. f3
Ne7 15. Nf4 Ng6 16. Ncd5 Ne5 17. b3 c4 18. Nh5 Rg8 19. Kf2 Ba3 20. h3 Kb7 21.
g4 Rd8 22. Bf4 Bc5+ 23. Kg2 cxb3 24. cxb3 Rde8 25. Bg3 a5 26. Bf2 Bxf2 27. Kxf2
Nd7 28. Kg3 Bxd5 29. Rxd5 Nc5 30. h4 h6 31. Nf4 Kc8 32. Ng6 c6 33. R5d2 Kc7 34.
h5 Rd8 35. Ne7 Rxd2 36. Rxd2 Rf8 37. Nf5 Rf7 38. Rd6 b5 39. Kf2 Nd7 40. f4 Nb6
41. Ke3 Nc8 42. Rd2 Ne7 43. Nd4 Kb6 44. Ne6 g6 45. hxg6 Nxg6 46. Rd6 Ne7 47. a3
h5 48. gxh5 Rh7 49. Nd4 Rxh5 50. Rxf6 Rh3+ 51. Nf3 Kc7 52. f5 c5 53. Rf7 Kd8
54. Rf8+ Kd7 55. Kf4 Nc6 56. Rf7+ Kd8 57. Rg7 Rh1 58. f6 Rf1 59. Rg8+ Kc7 60.
f7 Nd4 61. Rg3 Kd7 62. Ke3 Ne6 63. Rg6 Nf8 64. Ra6 Ke7 65. Ne5 Rb1 66. Ra8 Nh7
67. Re8+ Kf6 68. Rh8 Kxe5 69. Rxh7 Rf1 70. Rh5+ Kd6 71. Rf5 Rxf5 72. exf5 Ke7
73. Ke4 Kxf7 74. Kd5 a4 75. bxa4 bxa4 1/2-1/2

[Event "17th Tilburg Interpolis it"]
[Site "Tilburg NED"]
[Date "1993.??.??"]
[Round "2.4"]
[White "Sokolov, Ivan"]
[Black "Rozentalis, Eduardas"]
[Result "1/2-1/2"]
[WhiteElo "2610"]
[BlackElo "2600"]
[EventDate "1993.11.13"]
[PlyCount "117"]

1. Nf3 Nf6 2. c4 e6 3. g3 b6 4. Bg2 Bb7 5. O-O Be7 6. b3 O-O 7. Bb2 d5 8. d3 c5
9. e3 Nc6 10. Qe2 Qd7 11. Nbd2 Rfd8 12. Rad1 dxc4 13. Nxc4 Qc7 14. e4 Rac8 15.
Rc1 b5 16. Nce5 Qa5 17. Nxc6 Bxc6 18. Ba1 Be8 19. Rfd1 Qb6 20. d4 a6 21. d5
exd5 22. exd5 Bf8 23. Ne5 Bd7 24. Nc6 Re8 25. Qc2 Qc7 26. Bxf6 gxf6 27. Be4 h6
28. Bh7+ Kg7 29. Bf5 Bd6 30. Bxd7 Qxd7 31. Qd3 Qg4 32. Re1 c4 33. bxc4 bxc4 34.
Qc3 h5 35. h4 Re4 36. Rxe4 Qxe4 37. Qxc4 Re8 38. Qxe4 Rxe4 39. Rd1 Ra4 40. Rd2
f5 41. f4 Kf6 42. Kg2 Rc4 43. Ne5 Re4 44. Nf3 Ra4 45. Rb2 a5 46. Ng5 Rd4 47.
Rb7 Rxd5 48. Rxf7+ Kg6 49. Rd7 Rd2+ 50. Kf3 Bxf4 51. Rxd2 Bxd2 52. Ne6 a4 53.
Nf4+ Kh6 54. Ke2 Bb4 55. Kd3 Be1 56. Ne2 f4 57. gxf4 Bxh4 58. Nc3 a3 59. Ke4
1/2-1/2

[Event "17th Tilburg Interpolis it"]
[Site "Tilburg NED"]
[Date "1993.??.??"]
[Round "2.1"]
[White "Sabalovs, Aleksandrs"]
[Black "Vaisser, Anatoli"]
[Result "1-0"]
[WhiteElo "2590"]
[BlackElo "2580"]
[EventDate "1993.11.13"]
[PlyCount "87"]

1. d4 f5 2. Nf3 e6 3. g3 Nf6 4. Bg2 d5 5. c4 c6 6. O-O Bd6 7. b3 Qe7 8. Ne5 b6
9. cxd5 exd5 10. Bb2 Bb7 11. Qc2 g6 12. Nd2 O-O 13. Rac1 c5 14. Ndf3 Na6 15.
Rfd1 Rac8 16. Qb1 Nc7 17. e3 Ne6 18. dxc5 bxc5 19. Nd3 Ne4 20. Ba1 c4 21. Nf4
Nxf4 22. gxf4 Ba3 23. Rc2 c3 24. Re1 d4 25. Nxd4 g5 26. f3 Nd2 27. Qd1 gxf4 28.
Rxc3 fxe3 29. Rexe3 Qxe3+ 30. Rxe3 Rc1 31. Qxc1 Bxc1 32. Re1 Ba3 33. Rd1 Rc8
34. Kf2 Rc1 35. Rxc1 Bxc1 36. Nxf5 Nb1 37. Bf1 Nd2 38. Be2 Ba8 39. Bd4 a5 40.
Be3 Kf7 41. Ke1 Kf6 42. Bxd2 Bxd2+ 43. Kxd2 Kxf5 44. Ke3 1-0